[Event "FIDE GP"]
[Site "Moscow RUS"]
[Date "2002.06.03"]
[Round "3.2"]
[White "Beliavsky,A"]
[Black "Smirin,I"]
[Result "1-0"]
[WhiteElo "2661"]
[BlackElo "2685"]
[EventDate "2002.06.01"]

1. d4 Nf6 2. c4 g6 3. Nc3 d5 4. Bf4 Bg7 5. e3 c5 6. dxc5 Qa5 7. Rc1 Ne4 8.
cxd5 Nd7 9. Nge2 Ndxc5 10. f3 Nxc3 11. Nxc3 O-O 12. Kf2 Qb4 13. Qc2 Bd7 14.
d6 e6 15. Be2 Rfc8 16. Rhd1 Na4 17. Qe4 Qxe4 18. Nxe4 Bxb2 19. Rc7 Nb6 20.
Nc5 Bc6 21. Rxc8+ Rxc8 22. d7 Rd8 23. Bc7 Rxd7 24. Nxd7 Nxd7 25. Rb1 Bf6
26. Bb5 Bxb5 27. Rxb5 b6 28. Rb3 Be7 29. Rd3 Nc5 30. Rd1 Kf8 31. Bb8 a6 32.
Ba7 Na4 33. Rd7 Ke8 34. Rd4 b5 35. Rd2 Bb4 36. Rc2 Kd7 37. Bd4 Bd6 38. f4
Be7 39. g4 f6 40. h4 e5 41. fxe5 fxe5 42. Bxe5 Bxh4+ 43. Kf3 Be1 44. Rh2
Ke6 45. Bd4 Bc3 46. Rxh7 Bxd4 47. exd4 Nc3 48. Ra7 Kd5 49. Rxa6 Kxd4 50.
Kf4 Ne4 51. Rxg6 1-0